000 00791nam a2200217 i 4500
001 126984
003 ES-MaACL
005 20231228191712.0
007 t|
008 070214s1958 sp r ||||1| spa d
100 1 _aRey Pastor, Julio,
_d1888-1962
_996535
245 1 0 _aFunciones de Bessel
_b: teoría matemática y aplicaciones /
_cJulio Rey Pastor, A. de Castro Brzezicki.
260 _aMadrid :
_bDossat,
_c1958.
300 _aXII, 238 p. ;
_c25 cm.
500 _aPrecede al Tit : Instituto de Cálculo del Consejo Superior de Investigaciones Científicas.
650 4 _aBessel, Funciones de.
_9168562
700 1 _aCastro Brzezicki, A. de.
_936909
710 2 _aInstituto de Cálculo (Madrid)
_93242
852 _aES-MaACL
_jC-14966
_bR.43064
999 _c126984
_d126984